| 000 | 02511cam a2200673 a 4500 | ||
|---|---|---|---|
| 001 | 22254 | ||
| 003 | VRT | ||
| 005 | 20260324093655.0 | ||
| 008 | 251001s2017 xo e 000 0aslo | ||
| 015 | _aSNBA2017/09 | ||
| 020 |
_a9788089499441 _q(brož.) |
||
| 035 | _a21999BAE-5F55-46D6-9E7E-3F8C5BF519BD | ||
| 035 | _aurn:nbn:sk:snk-am3ib5i | ||
| 035 | _aurn:nbn:sk:snk-am00e0m8 | ||
| 039 | 9 |
_a202510011111 _bVLOAD _c202504011347 _dmsnk115 _c202403141051 _dVLOAD _c202311101355 _dAUTHORITY |
|
| 040 |
_aSVKPO _bslo _cSVKPO _dSNK _eAACR2 |
||
| 041 | 0 | _aslo | |
| 044 |
_axo _cSK |
||
| 072 | 7 |
_a323 _xVnútropolitický vývoj, politický život _2konspekt |
|
| 072 | 7 |
_a929 _xBiografie _2konspekt |
|
| 080 |
_a94(100)"1939/1945" _22011 |
||
| 080 |
_a323.12"1939/1945" _22011 |
||
| 080 |
_a(=411.16) _22011 |
||
| 080 |
_a323.28 _22011 |
||
| 080 |
_a(437.6) _22011 |
||
| 080 |
_a(0:82-94) _22011 |
||
| 100 | 1 |
_aŠpitzer, Juraj, _d1919-1995 _4aut |
|
| 245 | 1 | 0 |
_aNechcel som byť žid _cJuraj Špitzer |
| 250 | _a2., rozš. a dopl. vyd. | ||
| 260 |
_aIvanka pri Dunaji _bF. R. & G. _c2017 |
||
| 300 |
_a397 s. _c19 cm |
||
| 490 | 1 | _aKnižná edícia časopisu Fragment | |
| 600 | 1 | 7 |
_aŠpitzer, Juraj, _d1919-1995 _2SNKMA |
| 648 | 7 |
_a20. storočie _2SNKPH |
|
| 648 | 7 |
_a20th century _2SNKPHeng |
|
| 650 | 0 | 7 |
_adruhá svetová vojna (1939-1945) _2SNKPH |
| 650 | 0 | 7 |
_aholokaust (1939-1945) _2SNKPH |
| 650 | 0 | 7 |
_aŽidia _xperzekúcie _2SNKPH |
| 650 | 0 | 7 |
_aWorld War (1939-1945) _2SNKPHeng |
| 650 | 0 | 7 |
_aHolocaust (1939-1945) _2SNKPHeng |
| 650 | 0 | 7 |
_aJews _xpersecution _2SNKPHeng |
| 651 | 7 |
_aSlovensko _2SNKPH |
|
| 651 | 7 |
_aSlovakia _2SNKPHeng |
|
| 655 | 7 |
_aautobiografické spomienky _2SNKPH |
|
| 655 | 7 |
_aAutobiographical reminiscences _2SNKPHeng |
|
| 830 | 0 | _aKnižná edícia časopisu Fragment | |
| 910 | _asavuk | ||
| 910 | _asnk | ||
| 910 | _apokpoh | ||
| 942 |
_2ddc _cKLDO _n0 |
||
| 949 |
_617A1270839 _asnkSD 86505 _bsnk2017/18915 _o1427/2017 _s6100:20170913 |
||
| 949 |
_617A1270840 _asnkSD 86505 D1 _bsnk2017/18916 _o1427/2017 |
||
| 949 |
_6273K0626455 _asvkpoA 236319 _bsvkpo619197 |
||
| 949 |
_6273K0614121 _asvkpoA 233172 _bsvkpo608860 |
||
| 949 |
_6270001000561567 _asvkbbA 151089 _bsvkbbm 769269 |
||
| 949 |
_63830001125859 _akurukT18/ŠPIT1-4 _bkuruk2017/F7175 _oG2017/Portál/FV-445/2017/UK/ projekt č. 17-513-02467, podporený Fondom na podporu umenia na rok 2017 |
||
| 949 |
_62889326989 _asavukM 119221 _bsavuk2017/2598 |
||
| 999 |
_c22254 _d22254 |
||